ბათუმის შოთა რუსთაველის სახელმწიფო უნივერსიტეტის ბიბლიოთეკა

ბუცა = Butza : ხუროთმოძღვარი ვიქტორ ჯორბენაძე (ბიბ.ჩანაწერი № 62133)

000 -ლიდერი
ფიქსირებული სიგრძის საკონტროლო ველი 01395nam a22002297a 4500
003 - საკონტროლო ნომრის იდენტიფიკატორი
საკონტროლო ველი Ge_BSU
005 - ბოლო ოპერაციის თარიღი და დრო
საკონტროლო ველი 20240718165705.0
008 - ფიქსირებული სიგრძის მონაცემთა ელემენტები - ზოგადი ინფორმაცია
ფიქსირებული სიგრძის საკონტროლო ველი 240718b xxu||||| |||| 00| 0 geo d
020 ## - წიგნის საერთაშორისო სტანდარტული ნომერი
International Standard Book Number 9789941059445
041 ## - ენის კოდი
Language code of text/sound track or separate title geo
080 ## - უნივერსალური ათობითი კლასიფიკაციის ინდექსი
Universal Decimal Classification number 72(479.22)(092) ბ-87
100 ## - მთავარი ჩანაწერი - პიროვნების სახელი
Personal name ბოსტანაშვილი, შოთა.
9 (RLIN) 22879
245 ## - ცნობა სათაურის შესახებ
Title ბუცა = Butza : ხუროთმოძღვარი ვიქტორ ჯორბენაძე
Remainder of title ესე, პოეტიკა, სემიოტიკა, კრიტიკული დისკურსი /
Statement of responsibility, etc შოთა ბოსტანაშვილი, დავით ბოსტანაშვილი ; [ინგლ. ტექსტი: დავით ბოსტანაშვილი, რედ. დავით ანდრიაძე].
264 ## - წარმოების, გამოცემის, დისტრიბუციის და სხვა ცნობები
გამოცემის, წარმოების, დისტრიბუციის... ადგილი თბილისი:
გამოცემის, წარმოების, დისტრიბუციის... სახელწოდება უნივერსალი,
გამოცემის, წარმოების, დისტრიბუციის... თარიღი 2012.
300 ## - ფიზიკური აღწერა
Extent 218 გვ.:
Other physical details ილ. ;
Dimensions 25 სმ.
546 ## - LANGUAGE NOTE
Language note თავფურ., ტექსტი, ყდა ქართ. და ინგლ
653 ## - INDEX TERM--UNCONTROLLED
Uncontrolled term ჯორბენაძე, ვიქტორ.
653 ## - INDEX TERM--UNCONTROLLED
Uncontrolled term ქართველი არქიტექტორები
700 ## - ADDED ENTRY--PERSONAL NAME
Personal name ბოსტანაშვილი, დავით
9 (RLIN) 22880
700 ## - ADDED ENTRY--PERSONAL NAME
Personal name ანდრიაძე, დავით
Relator term რედაქტორი
9 (RLIN) 22881
942 ## - ADDED ENTRY ELEMENTS (KOHA)
Source of classification or shelving scheme
Koha item type წიგნი
ეგზემპლარები
ჩამოწერის სტატუსი დაკარგული ეგზემპლარის სტატუსი კლასიფიკაციის წყარო ან თაროზე გაწყობის სქემა დაზიანების სტატუსი არ გაიცემა მუდმივი მდებარეობა (დაცვის ადგილი) ამჟამინდელი ადგილსამყოფელი თაროზე განთავსების ადგილი შეძენის თარიღი ღირებულება, შესყიდვის ნორმალური ფასი სრული შენახვის შიფრი შტრიხკოდი ბოლო ოპერაციის თარიღი ეგზემპლარის მიმდევრობითი ნომერი (კეტერი?) ფასის ძალაში შესვლის თარიღი ეგზემპლარის სახეობა საჯარო შენიშვნა
          ტექნოლოგიური ფაკულტეტის ბიბლიოთეკა ტექნოლოგიური ფაკულტეტის ბიბლიოთეკა წიგნსაცავი 2024-07-18 35.00 72(479.22)(092) ბ-87 68783 2024-07-18 68783 2024-07-18 წიგნი 35.00